แสดงรายละเอียดบรรณานุกรม
  กลับหน้าหลัก

Brief Record : Get Marc (ISO 2709) : E-mail record : QR code ปิดหน้าต่าง
E-books : เกี่ยวกับ Collections
LEADER 00000nama 2200000uu 4500
008    040531s|||| th m m a000 0 tha d
020    9748364712
041    tha
050    Ds586 ภ671พ 2540
100    ภูมิพลอดุลยเดชฯ,พระบามสมเด็จพระเจ้าอยู่หัว.
245    พระมหาชนก=Mahajanaka/พระราชนิพนธ์ในสมเด็จพระเจ้าอยู่หัวภูมิพลอดุลยเดช.
250    พิมพ์ครั้งที่ 2.
260    กรุงเทพฯ. บริษัท อมรินทร์พริ้นติ้งแอนด์พับลิชชิ่ง จำกัด. 2540.
300    162 หน้า.
650    1.ภูมิพลอดุลเดชฯ,พระบาทสมเด็จพระเจ้าอยู่หัว,2470- 2.พระมหาชนก 3.ชาดก.
995    001
รายการนี้ยังไม่มีแท็ก
คุณยังไม่ได้ล็อกอิน คุณสามารถมีกิจกรรมร่วมกับเว็บไซต์ได้ แต่ต้องล็อกอินก่อน ::
  ล็อกอิน
ลำดับที่ ประเภท เลขเรียก สถานที่ สถานะ
1. หนังสือทั่วไป
หนังสือทั่วไป
Ds586 ภ671พ 2540  
  
หนังสือทั่วไป On Shelf
  ขอยืม
   [แสดง 1/1 รายการ]

BibComment


ยังไม่เคยถูกคอมเมนท์

คอมเมนท์ทรัพยากรรายการนี้
  คอมเมนท์: พระมหาชนกMahajana..
Bib 183821

 
 
 

 Union Library Management : ULibM
Copyright 2026. All Rights Reserved.
скачать бесплатно без регистрации порно красивый секс HD Sex Hindi sex

xxx gou

xxxx

bfxxx

xxxwww

Секса Видео

xxxx

Секса Видео

detube

geilexxx

C99 Shell

worms shell

blod xxx video
Ebony Coed Rihanna Rimes Takes A Dick In Her Young Twat priyaa indian fuck anal and pusssy hardcore indian women xxx desi hardcore fucking part 1 bengalixxxcouple